000 00645nam a22002297a 4500
003 UA-OsUOA
001 46765
007 ta
008 20070705b un ||||| |||| 00| 0 ukr d
100 _aРазумова А.П.
090 _a82.09
_bР17
942 _cBK
040 _aUA-OsUOA
_brus
_cUA-OsUOA
_dUA-OsUOA
245 _aИз истории русской фольклористики
300 _a140 с.
955 _a4
041 _arus
080 _a82.09
260 _aМ.
_bИзд-во академии наук СССР
_c1954
650 7 _a82 Література. Літературознавство
_2UDC
999 _c332868
_d332868